Second Green Revolution Vs. Rainbow Revolution : (Record no. 617831)

MARC details
000 -LEADER
fixed length control field 00488nam a2200181 a 4500
008 - FIXED-LENGTH DATA ELEMENTS--GENERAL INFORMATION
fixed length control field 260318s2010##################000#0#eng##
020 ## - INTERNATIONAL STANDARD BOOK NUMBER
ISBN 9788184502640
082 04 - DEWEY DECIMAL CLASSIFICATION NUMBER
Classification number 338.1854MOH
245 10 - TITLE STATEMENT
Title Second Green Revolution Vs. Rainbow Revolution :
260 ## - PUBLICATION, DISTRIBUTION, ETC. (IMPRINT)
Name of publisher Deep and Deep Publications,
Year of publication 2010.
300 ## - PHYSICAL DESCRIPTION
Number of Pages 648 pages
650 #0 - SUBJECT ADDED ENTRY--TOPICAL TERM
Topical Term Agriculture.
942 ## - ADDED ENTRY ELEMENTS (KOHA)
Koha item type English Books
Holdings
Withdrawn status Lost status Damaged status Not for loan Home library Current library Shelving location Date acquired Full call number Accession Number Price effective from Koha item type
        Anna Centenary Library Anna Centenary Library 4TH FLOOR, A WING 18.03.2026 338.1854MOH 494975 18.03.2026 English Books

Find us on the map